000 00490nam a2200181Ia 4500
001 16240
005 20260306170255.0
008 260306t2016||||xx |||||||||||||| ||und||
041 _aESP
082 _a347.51
_bF48
100 _aFigueroa Reinoso, Emilio
_eAUT
245 0 _aLa sociedad unipersonal:
_bla importancia de su regularización en el derecho societario
260 _c2016
300 _a179 páginas :
_c24 cm.
650 _aGEN
654 _aCDE
942 _cLIB
_dJUS
_fJUS
_2ddc
_n
999 _c16240
_d16240